00648nam a2200193Ia 450000500170000000800460001703700120006304000200007504100130009508400210010810000160012924500270014524500660017226000550023830000150029394200210030899900210032995201040035020250508151837.0008 250505s9999 xx 000 0 eng d aTextual aFEDLbengcFEDL aeng2eng a294.3, BAPqFEDL aBapat P. V. 0a2500 years of Buddhism 0cGovernment of India. Ministry of Information and Broadcasting aNew Delhi, IndiabThe Publications Division c1956 axxiv,503p. cTEXLh294.3, BAP c1332466d1332466 00104070aFEDLbFEDLd2025-05-08l0o294.3, BAPpEL0013631r2025-05-08 15:18:37w2025-05-08yTEXL